[Event "HUN-ch Rapid 2019"]
[Site "Ajka"]
[Date "2019.07.21"]
[Round "11.6"]
[White "Horvath, Adam"]
[Black "Ruck, Robert"]
[Result "1-0"]
[WhiteElo "2517"]
[BlackElo "2524"]
[Annotator "ChessBase"]
[PlyCount "115"]
[EventDate "2019.07.18"]
[EventType "swiss"]
[EventCountry "HUN"]
[SourceTitle "playchess.com"]
[Source "ChessBase"]
[SourceQuality "1"]
[TimeControl "1200+5"]

1. e4 {[%emt 0:00:03]} Nf6 {[%emt 0:00:06]} 2. e5 {[%emt 0:00:01]} Nd5 {[%emt 0:00:01]} 3. d4 {[%emt 0:00:01]} d6 {[%emt 0:00:01]} 4. c4 {[%emt 0:00:01]} Nb6 {[%emt 0:00:01]} 5. exd6 {[%emt 0:00:01]} exd6 {[%emt 0:00:01]} 6. Nc3 {[%emt 0:00:01]} Be7 {[%emt 0:00:02]} 7. Be3 {[%emt 0:00:08]} O-O {[%emt 0:00:08]} 8. Bd3 {[%emt 0:00:07]} Bf6 {[%emt 0:00:06]} 9. Nge2 {[%emt 0:00:05]} Nc6 {[%emt 0:00:54]} 10. b3 {[%emt 0:00:20]} Bg4 {[%emt 0:00:08]} 11. Qd2 {[%emt 0:00:16]} Re8 {[%emt 0:00:12]} 12. O-O {[%emt 0:00:08]} Bh5 {[%emt 0:00:03]} 13. Nf4 {[%emt 0:00:29]} Bg6 {[%emt 0:00:02]} 14. Nxg6 {[%emt 0:00:08]} hxg6 {[%emt 0:00:01]} 15. Be4 {[%emt 0:00:02]} Qd7 {[%emt 0:00:34]} 16. h3 {[%emt 0:01:48]} Re7 {[%emt 0:02:06]} 17. Bf3 {[%emt 0:00:01]} Rae8 {[%emt 0:00:18]} 18. Rad1 {[%emt 0:00:24]} Qc8 {[%emt 0:02:25]} 19. Qc1 {[%emt 0:00:31]} Rd8 {[%emt 0:04:03]} 20. Bg4 {[%emt 0:00:56]} Qb8 {[%emt 0:00:22]} 21. Qb1 {[%emt 0:01:31]} Ree8 {[%emt 0:01:22]} 22. g3 {[%emt 0:01:00]} Ne7 {[%emt 0:02:50]} 23. Ne4 {[%emt 0:00:28]} Nd7 {[%emt 0:00:23]} 24. d5 {[%emt 0:03:24]} Ne5 {[%emt 0:00:18]} 25. Be2 {[%emt 0:00:03]} Nf5 {[%emt 0:00:49]} 26. Nxf6+ {[%emt 0:00:16]} gxf6 {[%emt 0:00:02]} 27. Bc1 {[%emt 0:00:07]} Re7 {[%emt 0:00:53]} 28. Bg4 {[%emt 0:02:34]} Qc8 {[%emt 0:01:34]} 29. Bxf5 {[%emt 0:01:02]} Qxf5 {[%emt 0:00:31]} 30. Qxf5 {[%emt 0:00:02]} gxf5 {[%emt 0:00:01]} 31. Kg2 {[%emt 0:00:01]} Rde8 {[%emt 0:00:10]} 32. Rfe1 {[%emt 0:00:59]} Nd7 {[%emt 0:00:27]} 33. Rxe7 {[%emt 0:00:08]} Rxe7 {[%emt 0:00:02]} 34. Be3 {[%emt 0:00:08]} b6 {[%emt 0:00:12]} 35. Kf1 {[%emt 0:00:57]} Kg7 {[%emt 0:00:17]} 36. Rd4 {[%emt 0:00:12]} a5 {[%emt 0:00:31]} 37. Rh4 {[%emt 0:00:44]} Re8 {[%emt 0:00:11]} 38. Ke2 {[%emt 0:00:29]} Ne5 {[%emt 0:00:09]} 39. Rd4 {[%emt 0:00:18]} Rh8 {[%emt 0:00:07]} 40. h4 {[%emt 0:00:03]} Re8 {[%emt 0:00:01]} 41. f3 {[%emt 0:00:14]} Kg6 {[%emt 0:00:06]} 42. Kf2 {[%emt 0:00:10]} Kh5 {[%emt 0:00:39]} 43. Rd1 {[%emt 0:00:13]} a4 {[%emt 0:00:06]} 44. Bd4 {[%emt 0:00:33]} Ra8 {[%emt 0:00:14]} 45. Ra1 {[%emt 0:00:22]} Nd3+ {[%emt 0:00:08]} 46. Ke2 {[%emt 0:00:07]} Ne5 {[%emt 0:00:01]} 47. f4 {[%emt 0:01:02]} Ng4 {[%emt 0:00:06]} 48. Kd3 {[%emt 0:00:46]} Nh2 {[%emt 0:00:08]} 49. Bxf6 {[%emt 0:00:07]} Kg4 {[%emt 0:00:03]} 50. h5 {[%emt 0:00:08]} Kxh5 {[%emt 0:00:06]} 51. Rh1 {[%emt 0:00:17]} Kg6 {[%emt 0:00:01]} 52. Bd4 {[%emt 0:00:08]} Ng4 {[%emt 0:00:07]} 53. b4 {[%emt 0:00:04]} Nf6 {[%emt 0:00:07]} 54. Re1 {[%emt 0:00:09]} b5 {[%emt 0:00:07]} 55. Re7 {[%emt 0:00:04]} bxc4+ {[%emt 0:00:06]} 56. Kxc4 {[%emt 0:00:01]} Ne4 {[%emt 0:00:01]} 57. Rxc7 {[%emt 0:00:04]} Nxg3 {[%emt 0:00:02]} 58. b5 {[%emt 0:00:02]} 1-0

[Event "HUN-ch Rapid 2019"]
[Site "Ajka"]
[Date "2019.07.21"]
[Round "11.7"]
[White "Mihok, Oliver"]
[Black "Medvegy, Zoltan"]
[Result "1/2-1/2"]
[WhiteElo "2550"]
[BlackElo "2539"]
[Annotator "ChessBase"]
[PlyCount "97"]
[EventDate "2019.07.18"]
[EventType "swiss"]
[EventCountry "HUN"]
[SourceTitle "playchess.com"]
[Source "ChessBase"]
[SourceQuality "1"]
[TimeControl "1200+5"]

1. e4 {[%emt 0:01:21]} e6 {[%emt 0:00:00]} 2. d4 {[%emt 0:00:01]} d5 {[%emt 0:00:01]} 3. Nc3 {[%emt 0:00:02]} dxe4 {[%emt 0:00:01]} 4. Nxe4 {[%emt 0:00:01]} Bd7 {[%emt 0:00:01]} 5. Nf3 {[%emt 0:00:08]} Bc6 {[%emt 0:00:01]} 6. Bd3 {[%emt 0:00:01]} Nd7 {[%emt 0:00:01]} 7. c3 {[%emt 0:00:02]} Ngf6 {[%emt 0:00:01]} 8. Nxf6+ {[%emt 0:00:02]} Nxf6 {[%emt 0:00:02]} 9. Bf4 {[%emt 0:00:08]} Bxf3 {[%emt 0:00:50]} 10. Qxf3 {[%emt 0:00:02]} c6 {[%emt 0:00:01]} 11. O-O {[%emt 0:00:11]} Bd6 {[%emt 0:00:55]} 12. Be5 {[%emt 0:00:03]} Bxe5 {[%emt 0:00:33]} 13. dxe5 {[%emt 0:00:01]} Nd7 {[%emt 0:00:01]} 14. Qg3 {[%emt 0:00:12]} Qc7 {[%emt 0:03:47]} 15. Rfe1 {[%emt 0:01:14]} g6 {[%emt 0:00:54]} 16. Rad1 {[%emt 0:01:42]} O-O-O {[%emt 0:05:07]} 17. h4 {[%emt 0:01:32]} h5 {[%emt 0:03:06]} 18. Bc2 {[%emt 0:01:23]} Nb6 {[%emt 0:00:05]} 19. b3 {[%emt 0:00:26]} Rxd1 {[%emt 0:02:44]} 20. Rxd1 {[%emt 0:00:01]} Rd8 {[%emt 0:00:01]} 21. Rd6 {[%emt 0:01:11]} Kb8 {[%emt 0:00:52]} 22. c4 {[%emt 0:01:44]} Nc8 {[%emt 0:00:09]} 23. Rxd8 {[%emt 0:00:23]} Qxd8 {[%emt 0:00:00]} 24. Qf4 {[%emt 0:00:03]} Qe7 {[%emt 0:00:17]} 25. g3 {[%emt 0:00:40]} Nb6 {[%emt 0:00:12]} 26. Kg2 {[%emt 0:02:33]} Nd7 {[%emt 0:00:04]} 27. b4 {[%emt 0:00:54]} Kc7 {[%emt 0:00:58]} 28. c5 {[%emt 0:00:19]} b6 {[%emt 0:00:05]} 29. cxb6+ {[%emt 0:00:08]} Nxb6 {[%emt 0:00:06]} 30. a3 {[%emt 0:00:17]} Nd5 {[%emt 0:00:23]} 31. Qd4 {[%emt 0:00:09]} Kb7 {[%emt 0:00:05]} 32. Be4 {[%emt 0:00:24]} Qc7 {[%emt 0:00:03]} 33. Bf3 {[%emt 0:00:40]} Qb6 {[%emt 0:00:35]} 34. Qc4 {[%emt 0:00:13]} a5 {[%emt 0:00:33]} 35. Bxd5 {[%emt 0:00:37]} exd5 {[%emt 0:00:09]} 36. Qf4 {[%emt 0:00:08]} Qc7 {[%emt 0:00:01]} 37. bxa5 {[%emt 0:00:53]} Ka6 {[%emt 0:00:09]} 38. Qf3 {[%emt 0:00:59]} Kxa5 {[%emt 0:00:08]} 39. Qc3+ {[%emt 0:00:02]} Ka6 {[%emt 0:00:04]} 40. Qc5 {[%emt 0:00:15]} Qxe5 {[%emt 0:00:08]} 41. Qxc6+ {[%emt 0:00:03]} Ka5 {[%emt 0:00:03]} 42. a4 {[%emt 0:00:18]} Qe4+ {[%emt 0:00:02]} 43. Kh2 {[%emt 0:00:01]} Qc4 {[%emt 0:00:05]} 44. Qa8+ {[%emt 0:00:12]} Kb4 {[%emt 0:00:02]} 45. a5 {[%emt 0:00:06]} Qc5 {[%emt 0:00:03]} 46. a6 {[%emt 0:00:52]} Qxf2+ {[%emt 0:00:01]} 47. Kh3 {[%emt 0:00:06]} Qf1+ {[%emt 0:00:08]} 48. Kh2 {[%emt 0:00:01]} Qf2+ {[%emt 0:00:01]} 49. Kh3 {[%emt 0:00:01]} 1/2-1/2

[Event "HUN-ch Rapid 2019"]
[Site "Ajka"]
[Date "2019.07.21"]
[Round "11.8"]
[White "Gelle, Istvan"]
[Black "Vertetics, Attila"]
[Result "0-1"]
[WhiteElo "2325"]
[BlackElo "2438"]
[Annotator "NA"]
[PlyCount "60"]
[EventDate "2019.07.18"]
[EventType "swiss"]
[EventCountry "HUN"]
[SourceTitle "playchess.com"]
[Source "ChessBase"]
[SourceQuality "1"]
[TimeControl "1200+5"]

1. d4 {[%emt 0:00:01]} Nf6 {[%emt 0:00:02]} 2. Bf4 {[%emt 0:00:02]} e6 {[%emt 0:00:07]} 3. e3 {[%emt 0:00:02]} d5 {[%emt 0:00:02]} 4. Nd2 {[%emt 0:00:02]} c5 {[%emt 0:00:02]} 5. c3 {[%emt 0:00:02]} Nc6 {[%emt 0:00:04]} 6. Ngf3 {[%emt 0:00:03]} cxd4 {[%emt 0:00:05]} 7. exd4 {[%emt 0:00:03]} Nh5 {[%emt 0:00:02]} 8. Be3 {[%emt 0:00:03]} Bd6 {[%emt 0:00:04]} 9. g3 {[%emt 0:00:29]} O-O {[%emt 0:00:27]} 10. Be2 {[%emt 0:00:44]} g6 {[%emt 0:00:18]} 11. a4 {[%emt 0:00:23]} Ng7 {[%emt 0:00:19]} 12. Bh6 {[%emt 0:00:38]} f6 {[%emt 0:00:05]} 13. h4 {[%emt 0:00:46]} Rf7 {[%emt 0:00:08]} 14. Bxg7 {[%emt 0:00:16]} Kxg7 {[%emt 0:00:28]} 15. h5 {[%emt 0:00:10]} g5 {[%emt 0:00:10]} 16. h6+ {[%emt 0:00:12]} Kh8 {[%emt 0:00:04]} 17. Nf1 {[%emt 0:01:20]} g4 {[%emt 0:00:39]} 18. N3h2 {[%emt 0:01:35]} f5 {[%emt 0:00:03]} 19. f4 {[%emt 0:00:31]} gxf3 {[%emt 0:00:53]} 20. Nxf3 {[%emt 0:00:08]} Bd7 {[%emt 0:00:11]} 21. Bb5 {[%emt 0:01:40]} Qf6 {[%emt 0:00:50]} 22. Qe2 {[%emt 0:00:22]} Rg8 {[%emt 0:01:49]} 23. Bxc6 {[%emt 0:00:13]} Bxc6 {[%emt 0:00:30]} 24. Ne5 {[%emt 0:00:29]} Bxe5 {[%emt 0:00:05]} 25. dxe5 {[%emt 0:00:58]} Qg5 {[%emt 0:00:06]} 26. Rh5 {[%emt 0:00:23]} Qd8 {[%emt 0:00:37]} 27. O-O-O {[%emt 0:02:01]} Bxa4 {[%emt 0:00:29]} 28. Rd4 {[%emt 0:00:08]} Be8 {[%emt 0:00:04]} 29. Rhh4 {[%emt 0:00:24]} Qa5 {[%emt 0:00:26]} 30. Qe3 {[%emt 0:01:03]} Qa1+ {[%emt 0:00:26]} 0-1

[Event "HUN-ch Rapid 2019"]
[Site "Ajka"]
[Date "2019.07.21"]
[Round "11.9"]
[White "Balog, Imre"]
[Black "Nemeth, Zoltan"]
[Result "1/2-1/2"]
[WhiteElo "2566"]
[BlackElo "2275"]
[Annotator "ChessBase"]
[PlyCount "126"]
[EventDate "2019.07.18"]
[EventType "swiss"]
[EventCountry "HUN"]
[SourceTitle "playchess.com"]
[Source "ChessBase"]
[SourceQuality "1"]
[TimeControl "1200+5"]

1. d4 d5 2. Nf3 Nf6 3. c4 dxc4 4. Qa4+ Qd7 5. Qxc4 Qc6 6. Nbd2 Qxc4 7. Nxc4 Be6 8. b3 Bd5 9. Bb2 e6 10. Nfd2 Ne4 11. Nxe4 Bxe4 12. f3 Bc6 13. e4 b6 14. O-O-O Bb7 15. d5 exd5 16. exd5 f6 17. d6 Kd7 18. dxc7+ Kxc7 19. Ne3 Nd7 20. Bb5 Rd8 21. Nf5 a6 22. Be2 Ne5 23. Rxd8 Kxd8 24. Rd1+ Kc7 25. Nd4 Bc8 26. Rd2 Bc5 27. Rc2 Kb7 28. f4 Rd8 29. fxe5 Bxd4 30. Bf3+ Kb8 31. Bxd4 Rxd4 32. exf6 gxf6 33. Rc6 b5 34. Rxf6 Rd7 35. Rf8 Rc7+ 36. Kd2 Ka7 37. g3 Bb7 38. Bd1 Be4 39. Rf4 Bg6 40. h4 Rd7+ 41. Ke1 Bb1 42. Rf2 Rg7 43. g4 a5 44. a3 Re7+ 45. Kd2 b4 46. axb4 axb4 47. Rf4 Rb7 48. h5 Ka6 49. Rd4 h6 50. Be2+ Ka7 51. Ke3 Bc2 52. Bc4 Re7+ 53. Kf4 Re1 54. Bg8 Bd1 55. Kf5 Rg1 56. Rxb4 Rg3 57. Be6 Ka6 58. Kg6 Re3 59. Bf5 Bxb3 60. Kxh6 Bd1 61. Kg5 Ka5 62. Rb1 Ba4 63. h6 Re5 1/2-1/2

[Event "HUN-ch Rapid 2019"]
[Site "Ajka"]
[Date "2019.07.21"]
[Round "11.10"]
[White "Prohaszka, Peter"]
[Black "Balint, Vilmos"]
[Result "1-0"]
[WhiteElo "2598"]
[BlackElo "2203"]
[Annotator "ChessBase"]
[PlyCount "85"]
[EventDate "2019.07.18"]
[EventType "swiss"]
[EventCountry "HUN"]
[SourceTitle "playchess.com"]
[Source "ChessBase"]
[SourceQuality "1"]
[TimeControl "1200+5"]

1. d4 {[%emt 0:00:01]} e6 {[%emt 0:00:06]} 2. g3 {[%emt 0:00:27]} c5 {[%emt 0:00:12]} 3. c3 {[%emt 0:00:03]} Nf6 {[%emt 0:00:26]} 4. Bg2 {[%emt 0:00:02]} d5 {[%emt 0:00:15]} 5. Nf3 {[%emt 0:00:01]} Nc6 {[%emt 0:00:22]} 6. O-O {[%emt 0:00:02]} Be7 {[%emt 0:00:21]} 7. e3 {[%emt 0:00:05]} O-O {[%emt 0:00:05]} 8. b3 {[%emt 0:00:19]} Ne4 {[%emt 0:00:10]} 9. Bb2 {[%emt 0:00:07]} b6 {[%emt 0:00:06]} 10. Nbd2 {[%emt 0:00:30]} f5 {[%emt 0:00:20]} 11. Rc1 {[%emt 0:02:11]} Bb7 {[%emt 0:00:41]} 12. a3 {[%emt 0:00:17]} a5 {[%emt 0:01:06]} 13. a4 {[%emt 0:00:17]} Rc8 {[%emt 0:00:27]} 14. Re1 {[%emt 0:00:02]} Qe8 {[%emt 0:00:24]} 15. Nxe4 {[%emt 0:03:29]} fxe4 {[%emt 0:00:39]} 16. Nd2 {[%emt 0:00:01]} cxd4 {[%emt 0:00:34]} 17. exd4 {[%emt 0:00:40]} Bg5 {[%emt 0:00:35]} 18. Ra1 {[%emt 0:00:25]} e5 {[%emt 0:01:37]} 19. Ba3 {[%emt 0:02:47]} Qf7 {[%emt 0:02:44]} 20. Bxf8 {[%emt 0:00:20]} Rxf8 {[%emt 0:00:01]} 21. f4 {[%emt 0:01:10]} exf4 {[%emt 0:00:15]} 22. gxf4 {[%emt 0:00:01]} Qxf4 {[%emt 0:00:38]} 23. Ra2 {[%emt 0:03:19]} Ba6 {[%emt 0:01:49]} 24. Nxe4 {[%emt 0:01:45]} dxe4 {[%emt 0:00:27]} 25. Rxe4 {[%emt 0:00:01]} Qf6 {[%emt 0:00:55]} 26. Qe1 {[%emt 0:00:05]} Nd8 {[%emt 0:00:38]} 27. Re8 {[%emt 0:00:51]} Bf4 {[%emt 0:01:37]} 28. Rf2 {[%emt 0:00:24]} g5 {[%emt 0:00:09]} 29. Bd5+ {[%emt 0:00:14]} Kg7 {[%emt 0:00:32]} 30. Qe7+ {[%emt 0:01:37]} Qxe7 {[%emt 0:01:26]} 31. Rxe7+ {[%emt 0:00:01]} Kh6 {[%emt 0:00:40]} 32. h4 {[%emt 0:00:17]} Bd3 {[%emt 0:00:45]} 33. Be4 {[%emt 0:00:15]} Bxe4 34. Rxe4 {[%emt 0:00:01]} Rf5 {[%emt 0:01:10]} 35. Kf1 {[%emt 0:00:10]} Kg6 {[%emt 0:00:06]} 36. hxg5 {[%emt 0:00:04]} Bxg5 {[%emt 0:00:06]} 37. c4 {[%emt 0:00:11]} h5 {[%emt 0:00:16]} 38. d5 {[%emt 0:00:21]} h4 {[%emt 0:00:03]} 39. Ke2 {[%emt 0:00:10]} Kf6 {[%emt 0:00:21]} 40. Re8 {[%emt 0:00:08]} Kg6 {[%emt 0:00:03]} 41. Rg8+ {[%emt 0:00:04]} Kf6 {[%emt 0:00:05]} 42. Rf8+ {[%emt 0:00:01]} Nf7 {[%emt 0:00:04]} 43. Rxf7+ {[%emt 0:00:02]} 1-0

[Event "HUN-ch Rapid 2019"]
[Site "Ajka"]
[Date "2019.07.21"]
[Round "11.11"]
[White "Videki, Sandor"]
[Black "Borhy, Marcell"]
[Result "1/2-1/2"]
[WhiteElo "2401"]
[BlackElo "2382"]
[Annotator "NA"]
[PlyCount "74"]
[EventDate "2019.07.18"]
[EventType "swiss"]
[EventCountry "HUN"]
[SourceTitle "playchess.com"]
[Source "ChessBase"]
[SourceQuality "1"]
[TimeControl "1200+5"]

1. e4 {[%emt 0:01:25]} d6 {[%emt 0:00:08]} 2. d4 {[%emt 0:00:04]} Nf6 {[%emt 0:00:02]} 3. Nc3 {[%emt 0:00:03]} Nbd7 {[%emt 0:00:08]} 4. f4 {[%emt 0:00:29]} e5 {[%emt 0:00:02]} 5. Nf3 {[%emt 0:00:01]} exd4 {[%emt 0:00:01]} 6. Qxd4 {[%emt 0:00:02]} c6 {[%emt 0:00:01]} 7. Bd2 {[%emt 0:00:01]} d5 {[%emt 0:01:21]} 8. exd5 {[%emt 0:00:05]} Bc5 {[%emt 0:00:02]} 9. Qd3 {[%emt 0:00:14]} Qe7+ {[%emt 0:00:28]} 10. Be2 {[%emt 0:00:35]} Nxd5 {[%emt 0:00:24]} 11. Nxd5 {[%emt 0:00:24]} cxd5 {[%emt 0:00:01]} 12. O-O-O {[%emt 0:00:11]} O-O {[%emt 0:00:46]} 13. Rhe1 {[%emt 0:01:16]} Nf6 {[%emt 0:00:02]} 14. Ng5 {[%emt 0:00:38]} Qc7 {[%emt 0:01:04]} 15. Bf3 {[%emt 0:00:38]} h6 {[%emt 0:00:07]} 16. Nh3 {[%emt 0:00:04]} Bxh3 {[%emt 0:00:19]} 17. gxh3 {[%emt 0:00:01]} Rad8 {[%emt 0:00:12]} 18. Kb1 {[%emt 0:00:07]} Qb6 {[%emt 0:02:05]} 19. f5 {[%emt 0:00:44]} d4 {[%emt 0:01:48]} 20. Rg1 {[%emt 0:00:19]} Nd5 {[%emt 0:00:54]} 21. Bxd5 {[%emt 0:01:12]} Rxd5 {[%emt 0:00:02]} 22. Qf3 {[%emt 0:02:59]} Rfd8 {[%emt 0:01:18]} 23. f6 {[%emt 0:00:02]} g6 {[%emt 0:00:01]} 24. Bxh6 {[%emt 0:01:24]} d3 {[%emt 0:00:01]} 25. Rgf1 {[%emt 0:01:18]} Rf5 {[%emt 0:02:58]} 26. Qg2 {[%emt 0:00:40]} dxc2+ {[%emt 0:01:19]} 27. Qxc2 {[%emt 0:00:08]} Rxd1+ {[%emt 0:00:18]} 28. Rxd1 {[%emt 0:01:20]} Qxf6 {[%emt 0:00:17]} 29. Bd2 {[%emt 0:00:22]} Rf1 {[%emt 0:01:29]} 30. a3 {[%emt 0:03:37]} Bf8 {[%emt 0:00:54]} 31. Bc3 {[%emt 0:00:16]} Rxd1+ {[%emt 0:00:03]} 32. Qxd1 Qf5+ {[%emt 0:01:19]} 33. Ka1 {[%emt 0:00:07]} Bg7 {[%emt 0:00:49]} 34. Bxg7 {[%emt 0:00:24]} Kxg7 {[%emt 0:00:02]} 35. Qd4+ {[%emt 0:00:00]} Qf6 {[%emt 0:00:22]} 36. Qxa7 {[%emt 0:00:02]} Qf1+ {[%emt 0:00:01]} 37. Ka2 {[%emt 0:00:01]} Qc4+ {[%emt 0:00:02]} 1/2-1/2

[Event "HUN-ch Rapid 2019"]
[Site "Ajka"]
[Date "2019.07.21"]
[Round "11.12"]
[White "Farago, Sandor"]
[Black "Popovics, Adam"]
[Result "1/2-1/2"]
[WhiteElo "2210"]
[BlackElo "2365"]
[Annotator "NA"]
[PlyCount "122"]
[EventDate "2019.07.18"]
[EventType "swiss"]
[EventCountry "HUN"]
[SourceTitle "playchess.com"]
[Source "ChessBase"]
[SourceQuality "1"]
[TimeControl "1200+5"]

1. e4 {[%emt 0:00:02]} c5 {[%emt 0:00:02]} 2. Nf3 {[%emt 0:00:02]} d6 {[%emt 0:00:01]} 3. d4 {[%emt 0:00:02]} cxd4 {[%emt 0:00:01]} 4. Nxd4 {[%emt 0:00:01]} Nf6 {[%emt 0:00:01]} 5. Nc3 {[%emt 0:00:03]} a6 {[%emt 0:00:01]} 6. f3 {[%emt 0:00:02]} e5 {[%emt 0:00:06]} 7. Nb3 {[%emt 0:00:08]} Be6 {[%emt 0:00:03]} 8. Be3 {[%emt 0:00:05]} Nbd7 {[%emt 0:00:10]} 9. Qd2 {[%emt 0:00:17]} Be7 {[%emt 0:00:15]} 10. g4 {[%emt 0:00:12]} b5 {[%emt 0:00:46]} 11. g5 {[%emt 0:00:54]} b4 {[%emt 0:00:02]} 12. Na4 {[%emt 0:01:25]} Nh5 {[%emt 0:00:04]} 13. O-O-O {[%emt 0:00:09]} Qc7 {[%emt 0:00:36]} 14. Qxb4 {[%emt 0:00:47]} d5 {[%emt 0:00:28]} 15. Qa5 {[%emt 0:00:09]} Qxa5 {[%emt 0:00:06]} 16. Nxa5 {[%emt 0:00:02]} d4 {[%emt 0:00:08]} 17. Bd2 {[%emt 0:00:04]} Bxa2 {[%emt 0:00:21]} 18. Nc6 {[%emt 0:00:45]} Bd6 {[%emt 0:00:20]} 19. Nb4 {[%emt 0:01:26]} Be6 {[%emt 0:00:15]} 20. Nd5 {[%emt 0:00:23]} O-O {[%emt 0:01:06]} 21. Kb1 {[%emt 0:00:36]} f6 {[%emt 0:01:10]} 22. Bc4 {[%emt 0:00:26]} fxg5 {[%emt 0:02:22]} 23. Bxg5 {[%emt 0:00:07]} Kh8 {[%emt 0:00:53]} 24. Rhf1 {[%emt 0:01:16]} h6 {[%emt 0:00:28]} 25. Bc1 {[%emt 0:00:29]} Rf7 {[%emt 0:01:24]} 26. c3 {[%emt 0:01:28]} Raf8 {[%emt 0:01:58]} 27. Be2 {[%emt 0:00:32]} Bh3 {[%emt 0:00:22]} 28. Rg1 {[%emt 0:00:13]} Nc5 {[%emt 0:00:05]} 29. Nxc5 {[%emt 0:00:44]} Bxc5 {[%emt 0:00:02]} 30. Rg6 {[%emt 0:00:02]} Bc8 {[%emt 0:01:06]} 31. cxd4 {[%emt 0:00:26]} Bxd4 {[%emt 0:00:05]} 32. f4 {[%emt 0:00:09]} Nf6 {[%emt 0:00:14]} 33. fxe5 {[%emt 0:00:22]} Bxe5 {[%emt 0:00:12]} 34. Bd3 {[%emt 0:00:02]} Bxh2 {[%emt 0:01:42]} 35. Rh1 {[%emt 0:01:32]} Nxd5 {[%emt 0:01:05]} 36. exd5 {[%emt 0:00:38]} Bf4 {[%emt 0:00:07]} 37. Bxf4 {[%emt 0:00:43]} Rxf4 {[%emt 0:00:01]} 38. Rhg1 {[%emt 0:00:06]} R8f7 {[%emt 0:00:43]} 39. Rc6 {[%emt 0:01:27]} Bb7 {[%emt 0:00:40]} 40. Rd6 {[%emt 0:00:04]} R4f6 {[%emt 0:01:15]} 41. Rd8+ {[%emt 0:00:09]} Rf8 {[%emt 0:00:01]} 42. Rd7 {[%emt 0:00:04]} R6f7 {[%emt 0:00:02]} 43. Rd6 {[%emt 0:00:03]} Re7 {[%emt 0:00:10]} 44. Bxa6 {[%emt 0:00:32]} Bxa6 {[%emt 0:00:25]} 45. Rxa6 {[%emt 0:00:01]} Rd7 {[%emt 0:00:03]} 46. Rd1 {[%emt 0:00:19]} h5 {[%emt 0:00:22]} 47. d6 {[%emt 0:00:23]} h4 {[%emt 0:00:15]} 48. Ra4 {[%emt 0:00:33]} g5 {[%emt 0:00:07]} 49. Rd5 {[%emt 0:00:17]} Rf1+ {[%emt 0:00:24]} 50. Kc2 {[%emt 0:00:16]} Rf2+ {[%emt 0:00:05]} 51. Kc3 {[%emt 0:00:44]} Rf3+ {[%emt 0:00:03]} 52. Kd2 {[%emt 0:00:12]} Rg3 {[%emt 0:00:27]} 53. Raa5 {[%emt 0:00:10]} Kh7 {[%emt 0:00:35]} 54. Rxg5 {[%emt 0:00:02]} Rxd6+ {[%emt 0:00:01]} 55. Kc2 {[%emt 0:00:00]} Rxg5 {[%emt 0:00:14]} 56. Rxg5 {[%emt 0:00:02]} h3 {[%emt 0:00:03]} 57. Rg1 {[%emt 0:00:12]} h2 {[%emt 0:00:14]} 58. Rh1 {[%emt 0:00:01]} Rh6 {[%emt 0:00:00]} 59. Kd2 {[%emt 0:00:04]} Kg6 {[%emt 0:00:02]} 60. Ke2 {[%emt 0:00:01]} Kf5 {[%emt 0:00:02]} 61. Kf3 {[%emt 0:00:57]} Ke5 {Ke4+} 1/2-1/2

[Event "HUN-ch Rapid 2019"]
[Site "Ajka"]
[Date "2019.07.21"]
[Round "11.13"]
[White "Egresi, Mate"]
[Black "Bohus, Adam"]
[Result "1-0"]
[WhiteElo "2341"]
[BlackElo "2219"]
[Annotator "NA"]
[PlyCount "101"]
[EventDate "2019.07.18"]
[EventType "swiss"]
[EventCountry "HUN"]
[SourceTitle "playchess.com"]
[Source "ChessBase"]
[SourceQuality "1"]
[TimeControl "1200+5"]

1. d4 {[%emt 0:01:55]} d5 {[%emt 0:00:02]} 2. c4 {[%emt 0:00:04]} dxc4 {[%emt 0:00:02]} 3. e3 Nf6 {[%emt 0:00:03]} 4. Bxc4 {[%emt 0:00:05]} a6 {[%emt 0:00:03]} 5. Nf3 {[%emt 0:00:03]} e6 {[%emt 0:00:05]} 6. O-O {[%emt 0:00:03]} c5 {[%emt 0:00:03]} 7. dxc5 {[%emt 0:00:02]} Bxc5 {[%emt 0:00:45]} 8. Qxd8+ {[%emt 0:00:05]} Kxd8 {[%emt 0:00:02]} 9. Ne5 {[%emt 0:00:01]} Ke7 {[%emt 0:00:01]} 10. Be2 {[%emt 0:00:01]} Nbd7 {[%emt 0:00:56]} 11. Nc4 {[%emt 0:00:02]} b6 {[%emt 0:00:32]} 12. Bf3 {[%emt 0:00:43]} Ra7 {[%emt 0:00:22]} 13. Nbd2 {[%emt 0:00:56]} Bb7 {[%emt 0:01:37]} 14. Bxb7 {[%emt 0:00:04]} Rxb7 {[%emt 0:00:02]} 15. Nb3 {[%emt 0:00:01]} Rc8 {[%emt 0:04:58]} 16. Nxc5 {[%emt 0:00:07]} Nxc5 {[%emt 0:01:15]} 17. b3 {[%emt 0:00:04]} b5 {[%emt 0:00:30]} 18. Na5 {[%emt 0:01:15]} Rbb8 {[%emt 0:00:14]} 19. Rd1 {[%emt 0:01:31]} Nce4 {[%emt 0:01:55]} 20. Bb2 {[%emt 0:00:49]} Nc3 {[%emt 0:03:28]} 21. Rd2 {[%emt 0:01:37]} Nfe4 {[%emt 0:01:14]} 22. Rc2 {[%emt 0:00:18]} b4 {[%emt 0:00:23]} 23. a3 {[%emt 0:00:21]} bxa3 {[%emt 0:01:13]} 24. Bxa3+ {[%emt 0:00:28]} Ke8 {[%emt 0:00:01]} 25. f3 {[%emt 0:00:56]} Nf6 {[%emt 0:00:27]} 26. Rac1 {[%emt 0:00:06]} Nfd5 {[%emt 0:00:14]} 27. e4 {[%emt 0:01:59]} Nf4 {[%emt 0:00:02]} 28. Kf1 {[%emt 0:00:01]} Nd3 {[%emt 0:01:28]} 29. Rxc3 {[%emt 0:00:07]} Nxc1 {[%emt 0:00:01]} 30. Rxc1 {[%emt 0:00:01]} Rxc1+ {[%emt 0:00:23]} 31. Bxc1 {[%emt 0:00:02]} Rb5 {[%emt 0:00:05]} 32. Bd2 {[%emt 0:00:08]} Kd7 {[%emt 0:00:01]} 33. Ke2 {[%emt 0:00:04]} Rh5 {[%emt 0:00:04]} 34. h3 {[%emt 0:00:06]} Rb5 {[%emt 0:00:05]} 35. Kd3 {[%emt 0:00:16]} f5 {[%emt 0:00:08]} 36. b4 {[%emt 0:01:45]} fxe4+ {[%emt 0:00:03]} 37. fxe4 {[%emt 0:00:40]} Rb8 {[%emt 0:00:09]} 38. Nb3 {[%emt 0:00:31]} Rf8 {[%emt 0:00:07]} 39. Nc5+ {[%emt 0:00:14]} Kd6 {[%emt 0:00:01]} 40. Nxa6 {[%emt 0:00:27]} Rf2 {[%emt 0:00:01]} 41. b5 {[%emt 0:00:12]} Rxg2 {[%emt 0:00:02]} 42. e5+ {[%emt 0:02:37]} Kd5 {[%emt 0:00:07]} 43. Nc7+ {[%emt 0:00:01]} Kc5 {[%emt 0:00:02]} 44. Be3+ {[%emt 0:00:01]} Kb4 {[%emt 0:00:04]} 45. b6 {[%emt 0:00:05]} Rb2 {[%emt 0:00:15]} 46. Nxe6 {[%emt 0:00:17]} Rb3+ {[%emt 0:00:02]} 47. Ke4 {[%emt 0:00:06]} g6 {[%emt 0:00:10]} 48. b7 {[%emt 0:00:13]} Kc4 {[%emt 0:00:01]} 49. Nd8 {[%emt 0:00:02]} Rb4 {[%emt 0:00:07]} 50. Ba7 {[%emt 0:00:10]} Kc3+ {[%emt 0:00:08]} 51. Ke3 {[%emt 0:00:04]} 1-0